000 00550nam a2200157 i 4500
001 166297
003 ES-MaACL
005 20230906213312.0
008 970612s1872 be |||| | fre d
040 _aAR
_bspa
_cAR
100 0 _aTiberghien, Guillaume.
_9110206
245 1 4 _aLes commandements l'humanité ou La vie morale sous forme de catéchisme populaire d'après Krause /
_cpar G. Tiberghien.
260 _aBruxelles :
_bGustave Mayolez, libraire-éditeur,
_c1872.
300 _a306 p. ;
_c15 cm.
852 _aES-MaACL
_jD-4904
_z-- Enc. hol.
999 _c166297
_d166297